[Event "BI-2016-F-0000"]
[Site "LSS email"]
[Date "2016.02.14"]
[Round "?"]
[White "Gorman, Andrew"]
[Black "Hernandez, Orlando"]
[Result "0-1"]
[WhiteElo "697"]
[BlackElo "1308"]
[PlyCount "40"]
[EventDate "2016.02.20"]
[EventType "tourn (corr)"]
[EventRounds "10"]
[EventCountry "GER"]
[SourceTitle "Corr 2022"]
[Source "ChessBase"]
[SourceDate "2021.10.24"]
[SourceVersion "1"]
[SourceVersionDate "2021.10.24"]
[SourceQuality "1"]

1. e4 e5 2. Nf3 Nc6 3. Nc3 Nf6 4. d4 exd4 5. Nxd4 Bb4 6. Nxc6 bxc6 7. Bd3 d5 8. exd5 cxd5 9. 0-0 0-0 10. h3 Bxc3 11. bxc3 Re8 12. Bg5 h6 13. Bf4 c6 14. g4 Ne4 15. Bxe4 Rxe4 16. Be3 Qh4 17. Kg2 h5 18. Rh1 hxg4 19. Kf1 gxh3 20. Rh2 Ba6+ 0-1

[Event "BI-2016-F-0000"]
[Site "LSS email"]
[Date "2016.02.14"]
[Round "?"]
[White "Hernandez, Orlando"]
[Black "Lauer, Frederic"]
[Result "0-1"]
[WhiteElo "1308"]
[BlackElo "1122"]
[PlyCount "152"]
[EventDate "2016.02.20"]
[EventType "tourn (corr)"]
[EventRounds "10"]
[EventCountry "GER"]
[SourceTitle "Corr 2022"]
[Source "ChessBase"]
[SourceDate "2021.10.24"]
[SourceVersion "1"]
[SourceVersionDate "2021.10.24"]
[SourceQuality "1"]

1. d4 d5 2. Nf3 Bg4 3. h3 Bh5 4. Bg5 f6 5. Bf4 Nc6 6. c3 Bxf3 7. exf3 e5 8. dxe5 fxe5 9. Be3 Nf6 10. Bb5 Qd6 11. 0-0 a6 12. Bxc6+ Qxc6 13. Re1 Bd6 14. Bd4 Nd7 15. Bxe5 Bxe5 16. f4 0-0 17. fxe5 Rae8 18. Qd4 Qe6 19. f4 c5 20. Qe3 b5 21. Na3 b4 22. Nc2 a5 23. Rad1 Qf5 24. Rf1 Qxc2 25. Rxd5 Nb8 26. Qxc5 bxc3 27. bxc3 a4 28. Qc4 Kh8 29. Ra5 Rc8 30. Rc5 Rxc5 31. Qxc5 Nd7 32. Qd6 Qf5 33. g4 Qe4 34. Qd4 Qc6 35. f5 Re8 36. e6 Nf6 37. c4 Qc7 38. Rf3 Rd8 39. Qf4 Qc5+ 40. Kg2 Rd4 41. Qe3 Qxc4 42. g5 Qc2+ 43. Rf2 Qc6+ 44. Rf3 Qc2+ 45. Rf2 Qc6+ 46. Kh2 Qd6+ 47. Kg2 Qd5+ 48. Kh2 Rd3 49. Qf4 Ng8 50. f6 Qxe6 51. f7 Qxh3+ 52. Kg1 Rd1+ 53. Rf1 Rxf1+ 54. Qxf1 Qg3+ 55. Kh1 Qh4+ 56. Kg1 Qxg5+ 57. Kh1 Qd5+ 58. Kg1 Qc5+ 59. Kh1 Qf8 60. fxg8Q+ Qxg8 61. Qb1 Qd5+ 62. Kh2 Qh5+ 63. Kg3 Qg6+ 64. Qxg6 hxg6 65. Kg4 Kg8 66. a3 g5 67. Kxg5 Kf7 68. Kf5 g6+ 69. Kg5 Kg7 70. Kg4 Kf6 71. Kf4 Ke6 72. Kg5 Kd5 73. Kxg6 Kc4 74. Kf5 Kb3 75. Ke4 Kxa3 76. Kd3 Kb2 0-1

[Event "LSS No Engine Cup 138 Preliminary 0"]
[Site "LSS email"]
[Date "2015.09.09"]
[Round "?"]
[White "Hernandez, Orlando"]
[Black "Cayer, Jean"]
[Result "1-0"]
[WhiteElo "1650"]
[BlackElo "1600"]
[PlyCount "89"]
[EventDate "2015.09.10"]
[EventType "tourn (corr)"]
[EventRounds "6"]
[EventCountry "GER"]
[SourceTitle "Corr 2022"]
[Source "ChessBase"]
[SourceDate "2021.10.24"]
[SourceVersion "1"]
[SourceVersionDate "2021.10.24"]
[SourceQuality "1"]

1. e4 e5 2. Nf3 Nf6 3. Nc3 Bb4 4. Bc4 d6 5. d3 Nc6 6. a3 Bxc3+ 7. bxc3 0-0 8. Bg5 Be6 9. Bb3 Qe7 10. 0-0 Bxb3 11. cxb3 Nd8 12. Qe2 Ne6 13. Be3 Ng4 14. Bd2 f6 15. h3 Nh6 16. Bxh6 gxh6 17. Qe3 Qg7 18. Kh2 h5 19. Nh4 Qg5 20. Qxg5+ fxg5 21. Nf5 Nc5 22. Rfd1 Nxb3 23. Rab1 Nc5 24. f3 Rab8 25. d4 Na4 26. Rd3 Nb6 27. dxe5 dxe5 28. a4 a5 29. Rb5 Nc4 30. Rc5 Nd6 31. Ne7+ Kh8 32. Rxc7 Rf6 33. Rd7 Re8 34. Nd5 Rg6 35. Ne3 Nc8 36. Rxb7 Rg7 37. Rb8 Nd6 38. Rxe8+ Nxe8 39. Rd8 Rg8 40. Rd5 Nc7 41. Rxe5 Rd8 42. Nf5 Ra8 43. Nd4 h6 44. Nc6 Re8 45. Rxa5 1-0

[Event "LSS No Engine Cup 135 Preliminary 0"]
[Site "LSS email"]
[Date "2015.07.26"]
[Round "?"]
[White "Hernandez, Orlando"]
[Black "Heiser, Jerome"]
[Result "1-0"]
[WhiteElo "1642"]
[BlackElo "906"]
[PlyCount "123"]
[EventDate "2015.07.27"]
[EventType "tourn (corr)"]
[EventRounds "6"]
[EventCountry "GER"]
[SourceTitle "Corr 2022"]
[Source "ChessBase"]
[SourceDate "2021.10.24"]
[SourceVersion "1"]
[SourceVersionDate "2021.10.24"]
[SourceQuality "1"]

1. e4 e5 2. Nf3 Nc6 3. Bc4 Bc5 4. c3 Nf6 5. d4 Bb6 6. 0-0 0-0 7. Bg5 d6 8. d5 Na5 9. Bd3 h6 10. Bxf6 Qxf6 11. b4 c5 12. bxa5 Bxa5 13. Qb3 a6 14. c4 Rb8 15. Nc3 Bxc3 16. Qxc3 b5 17. cxb5 axb5 18. Rab1 b4 19. Qd2 Ra8 20. Bc4 Ra3 21. Rb3 Rxb3 22. axb3 Bg4 23. Qe3 Bxf3 24. Qxf3 Qxf3 25. gxf3 Ra8 26. Re1 Ra2 27. Kf1 f6 28. Re2 Ra1+ 29. Kg2 g5 30. h3 Kg7 31. Kg3 Kg6 32. Bb5 Ra3 33. Rb2 h5 34. Rb1 Ra5 35. Be8+ Kh6 36. h4 Ra8 37. Ba4 Ra5 38. Kh3 Ra8 39. Rg1 Rg8 40. Bc6 Rg7 41. Ra1 Rg8 42. Ra7 Rg7 43. Ra8 g4+ 44. fxg4 hxg4+ 45. Kg3 f5 46. exf5 c4 47. bxc4 Rf7 48. Kxg4 Rg7+ 49. Kf3 Rf7 50. Ke4 Rg7 51. Rh8+ Rh7 52. Rxh7+ Kxh7 53. Ba4 Kh6 54. f4 exf4 55. Kxf4 Kg7 56. h5 Kf6 57. h6 Kf7 58. Kg5 Kg8 59. Kg6 Kh8 60. f6 Kg8 61. f7+ Kf8 62. h7 1-0

[Event "RE-2015-0-00156"]
[Site "LSS email"]
[Date "2015.07.04"]
[Round "?"]
[White "Hernandez, Orlando"]
[Black "Willoughby, Peter"]
[Result "1-0"]
[WhiteElo "1352"]
[BlackElo "1237"]
[PlyCount "79"]
[EventDate "2015.04.20"]
[EventType "tourn (corr)"]
[EventRounds "6"]
[EventCountry "GER"]
[SourceTitle "Corr 2022"]
[Source "ChessBase"]
[SourceDate "2021.10.24"]
[SourceVersion "1"]
[SourceVersionDate "2021.10.24"]
[SourceQuality "1"]

1. d4 Nf6 2. e3 g6 3. g3 Bg7 4. Bg2 Nc6 5. Nf3 0-0 6. c4 d6 7. Nc3 Bg4 8. 0-0 e5 9. d5 Ne7 10. e4 c6 11. Bg5 h6 12. Bxf6 Bxf6 13. h3 Bd7 14. Rc1 Qc8 15. Kh2 Qe8 16. Qd2 Kh7 17. dxc6 Bxc6 18. Qxd6 Bg7 19. Nd5 Rd8 20. Qb4 Nxd5 21. cxd5 Bd7 22. Qxb7 Rb8 23. Qxa7 Rxb2 24. Rc7 Bb5 25. Rd1 Be2 26. Rd2 Rxd2 27. Nxd2 Kg8 28. Bf1 Bxf1 29. Nxf1 Qb5 30. Kg2 Qb1 31. f3 Qe1 32. Rc2 Qb4 33. a4 Kh7 34. a5 f5 35. Rc7 Rg8 36. Qb6 Rb8 37. Qxb4 Rxb4 38. a6 Ra4 39. a7 h5 40. d6 1-0

[Event "BI-2015-P-0000"]
[Site "LSS email"]
[Date "2015.04.16"]
[Round "?"]
[White "Barbu, Iulian"]
[Black "Hernandez, Orlando"]
[Result "1-0"]
[WhiteElo "2221"]
[BlackElo "1352"]
[PlyCount "57"]
[EventDate "2015.04.22"]
[EventType "tourn (corr)"]
[EventRounds "10"]
[EventCountry "GER"]
[SourceTitle "Corr 2022"]
[Source "ChessBase"]
[SourceDate "2021.10.24"]
[SourceVersion "1"]
[SourceVersionDate "2021.10.24"]
[SourceQuality "1"]

1. e4 b6 2. d4 Bb7 3. Bd3 Nf6 4. Qe2 Nc6 5. c3 d6 6. Nf3 e5 7. 0-0 Be7 8. d5 Nb8 9. c4 Nbd7 10. Nc3 0-0 11. Bc2 a6 12. Bd2 Re8 13. Ba4 Rf8 14. a3 h6 15. b4 Rc8 16. Bc6 Bxc6 17. dxc6 Nb8 18. b5 a5 19. Rad1 Ne8 20. Bc1 f5 21. Nxe5 f4 22. Qg4 Bg5 23. Ng6 Nf6 24. Qe6+ Kh7 25. Qf5 Kg8 26. e5 Re8 27. Rfe1 Nh7 28. h4 Be7 29. Qe6# 1-0

[Event "BI-2015-P-0000"]
[Site "LSS email"]
[Date "2015.04.16"]
[Round "?"]
[White "Hernandez, Orlando"]
[Black "Migliorini, Roberto"]
[Result "0-1"]
[WhiteElo "1352"]
[BlackElo "1614"]
[PlyCount "86"]
[EventDate "2015.04.22"]
[EventType "tourn (corr)"]
[EventRounds "10"]
[EventCountry "GER"]
[SourceTitle "Corr 2022"]
[Source "ChessBase"]
[SourceDate "2021.10.24"]
[SourceVersion "1"]
[SourceVersionDate "2021.10.24"]
[SourceQuality "1"]

1. e4 e6 2. d4 d5 3. Nc3 Bb4 4. e5 c5 5. Bd2 Bd7 6. Nb5 Bxd2+ 7. Qxd2 Bxb5 8. Bxb5+ Nd7 9. dxc5 Qc7 10. Bxd7+ Kxd7 11. Qd4 Nh6 12. g4 Rhc8 13. b4 b6 14. g5 Nf5 15. Qb2 bxc5 16. Ne2 cxb4 17. Qxb4 Qxe5 18. Qb5+ Kd8 19. 0-0 Rxc2 20. Ng3 Nxg3 21. hxg3 Qxg5 22. Qb7 Qe7 23. Qxa8+ Rc8 24. Qxc8+ Kxc8 25. Rab1 Kc7 26. Rfc1+ Kd6 27. f4 g5 28. Rb4 gxf4 29. Rxf4 e5 30. Ra4 d4 31. Ra6+ Kd5 32. Ra5+ Ke6 33. g4 Qh4 34. Rc6+ Kd7 35. Rca6 Qxg4+ 36. Kf2 Qf4+ 37. Kg2 d3 38. Rxa7+ Ke8 39. Ra8+ Ke7 40. R5a7+ Kf6 41. Ra6+ Kg7 42. Ra4 e4 43. Re8 Qf3+ 0-1

[Event "BI-2015-P-0000"]
[Site "LSS email"]
[Date "2015.04.16"]
[Round "?"]
[White "Hernandez, Orlando"]
[Black "Tyutyunnik, Roman"]
[Result "0-1"]
[WhiteElo "1352"]
[BlackElo "1999"]
[PlyCount "54"]
[EventDate "2015.04.22"]
[EventType "tourn (corr)"]
[EventRounds "10"]
[EventCountry "GER"]
[SourceTitle "Corr 2022"]
[Source "ChessBase"]
[SourceDate "2021.10.24"]
[SourceVersion "1"]
[SourceVersionDate "2021.10.24"]
[SourceQuality "1"]

1. e4 e5 2. Nf3 Nc6 3. Bc4 Bc5 4. d3 Nf6 5. Nc3 d6 6. Be3 Bb6 7. 0-0 Bg4 8. h3 Bh5 9. Bxb6 axb6 10. Re1 0-0 11. Nd5 b5 12. Bb3 Nd4 13. c3 Nxf3+ 14. gxf3 Nxd5 15. Bxd5 Qg5+ 16. Kh1 Qf4 17. Re3 c6 18. Bb3 Kh8 19. Kg2 f5 20. Be6 g6 21. exf5 gxf5 22. Qe2 Rf6 23. Bb3 Rg6+ 24. Kh1 Qg5 25. Qf1 f4 26. Ree1 Bxf3+ 27. Kh2 Bg2 0-1

[Event "BI-2015-P-0000"]
[Site "LSS email"]
[Date "2015.04.16"]
[Round "?"]
[White "Stolz, Stephan"]
[Black "Hernandez, Orlando"]
[Result "1-0"]
[WhiteElo "2316"]
[BlackElo "1352"]
[PlyCount "31"]
[EventDate "2015.04.22"]
[EventType "tourn (corr)"]
[EventRounds "10"]
[EventCountry "GER"]
[SourceTitle "Corr 2022"]
[Source "ChessBase"]
[SourceDate "2021.10.24"]
[SourceVersion "1"]
[SourceVersionDate "2021.10.24"]
[SourceQuality "1"]

1. b3 Nf6 2. Bb2 g6 3. Nf3 d5 4. e3 Bg7 5. c4 0-0 6. cxd5 Nxd5 7. Bxg7 Kxg7 8. Be2 Bf5 9. Qc1 Nc6 10. d4 Re8 11. 0-0 e5 12. dxe5 Nxe5 13. Nc3 Nxc3 14. Qxc3 Qe7 15. Nd4 Be4 16. f4 1-0

[Event "BI-2015-F-0000"]
[Site "LSS email"]
[Date "2015.02.12"]
[Round "?"]
[White "Martindale, Roger"]
[Black "Hernandez, Orlando"]
[Result "0-1"]
[WhiteElo "822"]
[BlackElo "1379"]
[PlyCount "56"]
[EventDate "2015.02.11"]
[EventType "tourn (corr)"]
[EventRounds "10"]
[EventCountry "GER"]
[SourceTitle "Corr 2022"]
[Source "ChessBase"]
[SourceDate "2021.10.24"]
[SourceVersion "1"]
[SourceVersionDate "2021.10.24"]
[SourceQuality "1"]

1. e4 e5 2. Nf3 Nc6 3. a3 Bc5 4. b4 Bb6 5. c4 d6 6. Nc3 Nf6 7. h3 Be6 8. Nd5 Bxd5 9. cxd5 Nd4 10. Bb2 Nxf3+ 11. Qxf3 Qe7 12. Bb5+ Nd7 13. 0-0 0-0 14. Rfc1 Rad8 15. a4 a6 16. a5 Bxf2+ 17. Qxf2 axb5 18. Qa7 Nf6 19. Qxb7 Nxe4 20. Qxb5 f5 21. Rc2 Qh4 22. d3 Ng5 23. Rxc7 Qg3 24. Kh1 Nxh3 25. gxh3 Qxh3+ 26. Kg1 Rf6 27. Rc2 Rg6+ 28. Kf2 Rg2+ 0-1

[Event "BI-2015-F-0000"]
[Site "LSS email"]
[Date "2015.02.12"]
[Round "?"]
[White "Owens, Johnny"]
[Black "Hernandez, Orlando"]
[Result "1-0"]
[WhiteElo "1806"]
[BlackElo "1379"]
[PlyCount "87"]
[EventDate "2015.02.11"]
[EventType "tourn (corr)"]
[EventRounds "10"]
[EventCountry "GER"]
[SourceTitle "Corr 2022"]
[Source "ChessBase"]
[SourceDate "2021.10.24"]
[SourceVersion "1"]
[SourceVersionDate "2021.10.24"]
[SourceQuality "1"]

1. d4 d5 2. e4 dxe4 3. Nc3 Nf6 4. f3 exf3 5. Nxf3 g6 6. Bc4 Bg7 7. 0-0 0-0 8. Bf4 c6 9. Bb3 Bf5 10. Qd2 Nbd7 11. h3 Ne4 12. Nxe4 Bxe4 13. Ng5 Bd5 14. c4 h6 15. Nf3 Bxf3 16. Rxf3 Kh7 17. Rd1 e5 18. dxe5 Nxe5 19. Bxe5 Qxd2 20. Rxd2 Bxe5 21. Rd7 Rad8 22. Rdxf7+ Rxf7 23. Rxf7+ Kh8 24. Kf2 Bxb2 25. Rxb7 Rd6 26. Kf3 Rf6+ 27. Ke2 Bd4 28. Kd3 Bb6 29. Rd7 Bc5 30. Ba4 Bb6 31. Kc3 Rf2 32. Bxc6 Rxa2 33. Kb3 Re2 34. Bf3 Re5 35. Kb4 Bc5+ 36. Kb5 Bb6+ 37. Rd5 Re3 38. c5 Bc7 39. Rd7 Bg3 40. c6 Rb3+ 41. Kc4 Rb1 42. Rxa7 Rc1+ 43. Kd5 Rd1+ 44. Bxd1 1-0

[Event "CP-2014-P-00043"]
[Site "LSS email"]
[Date "2014.09.30"]
[Round "?"]
[White "Gorra, Gorban Grigorii"]
[Black "Hernandez, Orlando"]
[Result "1-0"]
[WhiteElo "1877"]
[BlackElo "1394"]
[PlyCount "37"]
[EventDate "2014.10.01"]
[EventType "tourn (corr)"]
[EventRounds "6"]
[EventCountry "GER"]
[SourceTitle "Corr 2022"]
[Source "ChessBase"]
[SourceDate "2021.10.24"]
[SourceVersion "1"]
[SourceVersionDate "2021.10.24"]
[SourceQuality "1"]

1. e4 e5 2. Nf3 Nc6 3. Bc4 Nf6 4. d3 Bc5 5. 0-0 d6 6. c3 Bg4 7. Nbd2 0-0 8. Re1 Na5 9. Bb5 a6 10. Ba4 Ba7 11. Nf1 c5 12. h3 Be6 13. Bg5 h6 14. Bh4 b5 15. Bc2 Qc7 16. Bxf6 gxf6 17. Ng3 Qe7 18. Nh4 c4 19. Nhf5 1-0

[Event "CP-2014-P-00043"]
[Site "LSS email"]
[Date "2014.09.30"]
[Round "?"]
[White "Hernandez, Orlando"]
[Black "Stergiou, Georgios"]
[Result "0-1"]
[WhiteElo "1394"]
[BlackElo "1842"]
[PlyCount "44"]
[EventDate "2014.10.01"]
[EventType "tourn (corr)"]
[EventRounds "6"]
[EventCountry "GER"]
[SourceTitle "Corr 2022"]
[Source "ChessBase"]
[SourceDate "2021.10.24"]
[SourceVersion "1"]
[SourceVersionDate "2021.10.24"]
[SourceQuality "1"]

1. Nf3 Nf6 2. g3 g6 3. Bg2 Bg7 4. d4 0-0 5. 0-0 d6 6. c4 Nc6 7. Nc3 a6 8. e4 Bg4 9. a3 e5 10. Be3 exd4 11. Bxd4 Nxd4 12. Qxd4 Nd7 13. Qd2 c6 14. Qxd6 Ne5 15. Qxd8 Raxd8 16. Nxe5 Bxe5 17. f3 Be6 18. Rfd1 Bd4+ 19. Kf1 Bxc4+ 20. Ne2 Bxb2 21. Ke1 Bxa1 22. Rxa1 Rd3 0-1

[Event "CP-2014-P-00043"]
[Site "LSS email"]
[Date "2014.09.30"]
[Round "?"]
[White "Kuzmin, Konstantin"]
[Black "Hernandez, Orlando"]
[Result "1-0"]
[WhiteElo "2298"]
[BlackElo "1394"]
[PlyCount "55"]
[EventDate "2014.10.01"]
[EventType "tourn (corr)"]
[EventRounds "6"]
[EventCountry "GER"]
[SourceTitle "Corr 2022"]
[Source "ChessBase"]
[SourceDate "2021.10.24"]
[SourceVersion "1"]
[SourceVersionDate "2021.10.24"]
[SourceQuality "1"]

1. d4 d5 2. c4 e6 3. Nc3 Nf6 4. Bg5 Nbd7 5. e3 Be7 6. Nf3 0-0 7. Qc2 h6 8. Bh4 c6 9. Bd3 dxc4 10. Bxc4 b5 11. Bd3 Bb7 12. 0-0 a6 13. Rfd1 Re8 14. Ne5 Qc8 15. Nxd7 Qxd7 16. Bxf6 Bxf6 17. Ne4 Be7 18. Rac1 Rac8 19. Bf1 Qd5 20. Nc5 Bxc5 21. dxc5 Qg5 22. Rd7 Ba8 23. b4 Red8 24. Rcd1 Rxd7 25. Rxd7 Rd8 26. Qd2 Rxd7 27. Qxd7 Qd5 28. Qe8+ 1-0

[Event "LSS No Engine Cup 103 Final"]
[Site "LSS email"]
[Date "2014.08.31"]
[Round "?"]
[White "Glowinski, Daniel"]
[Black "Hernandez, Orlando"]
[Result "1-0"]
[WhiteElo "1921"]
[BlackElo "1694"]
[PlyCount "37"]
[EventDate "2014.09.01"]
[EventType "tourn (corr)"]
[EventRounds "6"]
[EventCountry "GER"]
[SourceTitle "Corr 2022"]
[Source "ChessBase"]
[SourceDate "2021.10.24"]
[SourceVersion "1"]
[SourceVersionDate "2021.10.24"]
[SourceQuality "1"]

1. e4 e5 2. Nf3 Nc6 3. Bb5 a6 4. Bxc6 dxc6 5. 0-0 Qd6 6. Na3 Be6 7. Qe2 b5 8. c3 Be7 9. d4 f6 10. dxe5 Qd7 11. Rd1 Qc8 12. Nc2 Bg4 13. h3 Bxf3 14. Qxf3 g6 15. Bf4 Bd8 16. exf6 Nxf6 17. Bh6 Qe6 18. Nd4 Qc4 19. Bg7 1-0

[Event "LSS No Engine Cup 98 Final"]
[Site "LSS email"]
[Date "2014.07.06"]
[Round "?"]
[White "Hernandez, Orlando"]
[Black "Grabowski, Benedykt"]
[Result "0-1"]
[WhiteElo "1250"]
[BlackElo "1826"]
[PlyCount "48"]
[EventDate "2014.07.07"]
[EventType "tourn (corr)"]
[EventRounds "6"]
[EventCountry "GER"]
[SourceTitle "Corr 2015"]
[Source "ChessBase"]
[SourceDate "2015.07.17"]
[SourceVersion "1"]
[SourceVersionDate "2015.07.17"]
[SourceQuality "1"]

1. e4 e5 2. Nf3 Nc6 3. Bb5 Nf6 4. d3 d6 5. h3 g6 6. 0-0 Bg7 7. Nc3 Be6 8. Bg5 0-0 9. Qd2 a6 10. Bxc6 bxc6 11. d4 exd4 12. Nxd4 Bd7 13. Rfe1 Qb8 14. Rab1 Re8 15. Bh6 Qb6 16. Bxg7 Kxg7 17. b3 c5 18. Nf3 Bc6 19. Qd3 Qb7 20. Nd2 Re6 21. f3 Rae8 22. Re2 Nh5 23. Nd5 Bxd5 24. Qxd5 Qxd5 0-1

[Event "LSS No Engine Cup 98 Final"]
[Site "LSS email"]
[Date "2014.07.06"]
[Round "?"]
[White "Kolanek, Roman"]
[Black "Hernandez, Orlando"]
[Result "1-0"]
[WhiteElo "1934"]
[BlackElo "1250"]
[PlyCount "31"]
[EventDate "2014.07.07"]
[EventType "tourn (corr)"]
[EventRounds "6"]
[EventCountry "GER"]
[SourceTitle "Corr 2015"]
[Source "ChessBase"]
[SourceDate "2015.07.17"]
[SourceVersion "1"]
[SourceVersionDate "2015.07.17"]
[SourceQuality "1"]

1. d4 Nf6 2. c4 g6 3. Nc3 d5 4. Nf3 Bg7 5. e3 c6 6. Be2 dxc4 7. Bxc4 0-0 8. 0-0 Bg4 9. Be2 Nbd7 10. e4 Qb6 11. Rb1 Bxf3 12. Bxf3 Rad8 13. Be3 Ne5 14. dxe5 Rxd1 15. Bxb6 Rxf1+ 16. Kxf1 1-0

[Event "BI-2014-P-0000"]
[Site "LSS email"]
[Date "2014.04.19"]
[Round "?"]
[White "Kazimierski, Tomasz"]
[Black "Hernandez, Orlando"]
[Result "1-0"]
[WhiteElo "1967"]
[BlackElo "1451"]
[PlyCount "55"]
[EventDate "2014.04.25"]
[EventType "tourn (corr)"]
[EventRounds "10"]
[EventCountry "GER"]
[SourceTitle "Corr 2022"]
[Source "ChessBase"]
[SourceDate "2021.10.24"]
[SourceVersion "1"]
[SourceVersionDate "2021.10.24"]
[SourceQuality "1"]

1. d4 d5 2. c4 e6 3. Nf3 Nf6 4. Nc3 Be7 5. Bg5 Nbd7 6. e3 0-0 7. Rc1 c6 8. Bd3 dxc4 9. Bxc4 b5 10. Bd3 Bb7 11. 0-0 a6 12. Ne4 Nxe4 13. Bxe7 Qxe7 14. Bxe4 Rac8 15. Nd2 Nf6 16. Qc2 Nxe4 17. Nxe4 Rc7 18. Nc5 Bc8 19. Qc3 e5 20. dxe5 Re8 21. Rfd1 h6 22. f4 Rd8 23. a3 Rxd1+ 24. Rxd1 Bg4 25. Rd6 Bc8 26. h3 g5 27. Qd3 g4 28. Rxh6 1-0

[Event "BI-2014-P-0000"]
[Site "LSS email"]
[Date "2014.04.19"]
[Round "?"]
[White "Korchut, Adam"]
[Black "Hernandez, Orlando"]
[Result "1-0"]
[WhiteElo "1844"]
[BlackElo "1451"]
[PlyCount "35"]
[EventDate "2014.04.25"]
[EventType "tourn (corr)"]
[EventRounds "10"]
[EventCountry "GER"]
[SourceTitle "Corr 2022"]
[Source "ChessBase"]
[SourceDate "2021.10.24"]
[SourceVersion "1"]
[SourceVersionDate "2021.10.24"]
[SourceQuality "1"]

1. d4 d5 2. c4 e6 3. Nc3 Nf6 4. Nf3 Be7 5. cxd5 exd5 6. g3 0-0 7. Bg2 Nbd7 8. 0-0 Re8 9. Qd3 c6 10. Bf4 Nh5 11. Bd2 Bd6 12. e4 dxe4 13. Nxe4 Bc7 14. Rfe1 Nhf6 15. Bg5 h6 16. Bxf6 Nxf6 17. Nxf6+ Qxf6 18. Rxe8# 1-0

[Event "BI-2014-P-0000"]
[Site "LSS email"]
[Date "2014.04.19"]
[Round "?"]
[White "Paetzold, Ortwin"]
[Black "Hernandez, Orlando"]
[Result "1-0"]
[WhiteElo "1735"]
[BlackElo "1451"]
[PlyCount "57"]
[EventDate "2014.04.25"]
[EventType "tourn (corr)"]
[EventRounds "10"]
[EventCountry "GER"]
[SourceTitle "Corr 2022"]
[Source "ChessBase"]
[SourceDate "2021.10.24"]
[SourceVersion "1"]
[SourceVersionDate "2021.10.24"]
[SourceQuality "1"]

1. e4 e5 2. Nf3 Nc6 3. Bb5 a6 4. Ba4 Nf6 5. 0-0 b5 6. Bb3 Be7 7. d4 d6 8. c3 0-0 9. h3 Qd7 10. Re1 Bb7 11. Nbd2 Rad8 12. Bc2 Rfe8 13. d5 Nb8 14. b3 Bf8 15. Nf1 c5 16. Bg5 Be7 17. Ng3 h6 18. Be3 Bf8 19. a4 Bc8 20. axb5 axb5 21. Ra5 Kh7 22. Qe2 Ba6 23. Rea1 Qb7 24. Bd3 c4 25. bxc4 bxc4 26. Bc2 Rc8 27. Rb1 Qa8 28. Ba4 Red8 29. Qa2 1-0

[Event "BI-2014-F-0000"]
[Site "LSS email"]
[Date "2014.02.21"]
[Round "?"]
[White "Hernandez, Orlando"]
[Black "Schubert, Volker"]
[Result "0-1"]
[WhiteElo "1443"]
[BlackElo "1963"]
[PlyCount "58"]
[EventDate "2014.02.27"]
[EventType "tourn (corr)"]
[EventRounds "10"]
[EventCountry "GER"]
[SourceTitle "Corr 2022"]
[Source "ChessBase"]
[SourceDate "2021.10.24"]
[SourceVersion "1"]
[SourceVersionDate "2021.10.24"]
[SourceQuality "1"]

1. e4 c5 2. Nf3 d6 3. d4 cxd4 4. Nxd4 Nf6 5. Nc3 a6 6. Bc4 e6 7. Be3 Be7 8. 0-0 Qc7 9. Bb3 0-0 10. g4 Nc6 11. g5 Nd7 12. Bxe6 Nxd4 13. Nd5 Nxe6 14. Nxc7 Nxc7 15. f4 Re8 16. f5 Bf8 17. Rf4 d5 18. Rh4 g6 19. Qf3 Ne5 20. Qh3 dxe4 21. Rxh7 Bg7 22. Rxg7+ Kxg7 23. Qh6+ Kg8 24. fxg6 fxg6 25. Bd4 Bf5 26. Rf1 Nd5 27. Rxf5 gxf5 28. g6 Nf6 29. Bxe5 Rxe5 0-1

[Event "BI-2014-F-0000"]
[Site "LSS email"]
[Date "2014.02.21"]
[Round "?"]
[White "Moskalenko, Eduard"]
[Black "Hernandez, Orlando"]
[Result "1-0"]
[WhiteElo "2208"]
[BlackElo "1443"]
[PlyCount "59"]
[EventDate "2014.02.27"]
[EventType "tourn (corr)"]
[EventRounds "10"]
[EventCountry "GER"]
[SourceTitle "Corr 2022"]
[Source "ChessBase"]
[SourceDate "2021.10.24"]
[SourceVersion "1"]
[SourceVersionDate "2021.10.24"]
[SourceQuality "1"]

1. d4 d5 2. c4 e6 3. Nf3 Nf6 4. Nc3 Be7 5. Bf4 0-0 6. e3 c6 7. h3 Nbd7 8. Qc2 b6 9. Bd3 Bb7 10. cxd5 cxd5 11. 0-0 a6 12. a4 Rc8 13. Qe2 a5 14. Nb5 Ba6 15. Na7 Bxd3 16. Qxd3 Ra8 17. Nc6 Qe8 18. Nd2 Kh8 19. Rac1 Rc8 20. Qb5 h6 21. Bg3 Nh5 22. Bh2 Bd8 23. Bd6 Rg8 24. Rc2 f5 25. Rfc1 g5 26. Nf3 g4 27. hxg4 fxg4 28. Nfe5 Nhf6 29. Qa6 Bc7 30. Ne7 1-0

[Event "LSS No Engine Cup 103 Preliminary 0"]
[Site "LSS email"]
[Date "2014.01.21"]
[Round "?"]
[White "Csoma, Kristof"]
[Black "Hernandez, Orlando"]
[Result "0-1"]
[WhiteElo "1600"]
[BlackElo "1635"]
[PlyCount "58"]
[EventDate "2014.01.22"]
[EventType "tourn (corr)"]
[EventRounds "6"]
[EventCountry "GER"]
[SourceTitle "Corr 2022"]
[Source "ChessBase"]
[SourceDate "2021.10.24"]
[SourceVersion "1"]
[SourceVersionDate "2021.10.24"]
[SourceQuality "1"]

1. Nf3 d5 2. d4 Nf6 3. c4 Bf5 4. Qb3 Nc6 5. Qxb7 Bd7 6. cxd5 Nxd5 7. Qb3 Nf6 8. g3 Rb8 9. Qd1 g6 10. Bg2 Bg7 11. 0-0 0-0 12. Nc3 Bf5 13. Qa4 Bd7 14. Nh4 Rb6 15. e4 Rb4 16. Qa3 Rxd4 17. Be3 Rb4 18. Bc5 Rb8 19. e5 Nxe5 20. Bxe7 Qc8 21. Bxf8 Bxf8 22. Qxa7 Rxb2 23. Na4 Rb4 24. Nc5 Bh3 25. Rfe1 Bxg2 26. Rxe5 Qh3 27. Nxg2 Ng4 28. Re4 Qxh2+ 29. Kf1 Rb2 0-1